000
00226nam a22000857a 4500
008
170109b xxu||||| |||| 00| 0 eng d
100
_9
2277
_a
Uppal.A.K.etal.
245
_a
Physical Education & Health
260
_a
New Delhi
_b
F.P.
_c
2007
999
_c
5165
_d
5165